Goodness & advice (Record no. 3108)
[ view plain ]
| 000 -LEADER | |
|---|---|
| fixed length control field | 01402nam a2200349Ia 4500 |
| 100 1# - MAIN ENTRY--AUTHOR NAME | |
| Personal name | Thomson, Judith Jarvis. |
| 245 10 - TITLE STATEMENT | |
| Title | Goodness & advice |
| 260 ## - PUBLICATION, DISTRIBUTION, ETC. (IMPRINT) | |
| Place of publication | Princeton, N.J. : |
| Name of publisher | Princeton University Press, |
| Year of publication | 2003. |
| 300 ## - PHYSICAL DESCRIPTION | |
| Number of Pages | xvi, 188 p. |
| 490 1# - SERIES STATEMENT | |
| Series statement | University Center for Human Values series |
| 500 ## - GENERAL NOTE | |
| General note | Originally published: 2001. |
| 650 #0 - SUBJECT ADDED ENTRY--TOPICAL TERM | |
| Topical Term | Consequentialism (Ethics) |
| Topical Term | Ethics. |
| 700 1# - ADDED ENTRY--PERSONAL NAME | |
| Personal name | Fisher, Philip, |
| Personal name | Gutmann, Amy. |
| 856 40 - ELECTRONIC LOCATION AND ACCESS | |
| Uniform Resource Identifier | http://site.ebrary.com/lib/rucke/Doc?id=10284016 |
No items available.
